| 000 | 01845cam a22003255i 4500 | ||
|---|---|---|---|
| 999 |
_c27868 _d27839 |
||
| 001 | 18626342 | ||
| 003 | EG-ScBUE | ||
| 005 | 20191203110726.0 | ||
| 008 | 150521s2015 coua f b 001 0 eng d | ||
| 020 | _a9781626371514 (alk. paper) | ||
| 040 |
_aDLC _beng _erda _cDLC _dDLC _dEG-ScBUE |
||
| 082 | 0 | 4 |
_a341.2 _bKAR _222 |
| 100 | 1 |
_aKarns, Margaret P., _eauthor. |
|
| 245 | 1 | 0 |
_aInternational organizations : _bthe politics and processes of global governance / _cMargaret P. Karns, Karen A. Mingst, Kendall W. Stiles. |
| 250 | _aThird edition. | ||
| 264 | 1 |
_aBoulder, Colorado ; _aLondon : _bLynne Rienner Publishers, Inc., _c2015. |
|
| 300 |
_axiv, 671 pages : _billustrations ; _c23 cm |
||
| 336 |
_atext _btxt _2rdacontent |
||
| 337 |
_aunmediated _bn _2rdamedia |
||
| 338 |
_avolume _bnc _2rdacarrier |
||
| 504 | _aIncludes bibliographical references and index. | ||
| 520 | _aThe third edition of the award-winning International Organizations has been thoroughly revised and updated to take into account new developments and shifting power relations since 2009, as well as the most current scholarship. As before, the authors provide a comprehensive, in-depth examination of the full range of international organizations. New features of the book include attention to a broader range of theoretical approaches, to the increasing importance of regional organizations, and to emerging forms of governance. And new case studies highlight the governance dilemmas posed by the Libyan and Syrian civil wars, human trafficking, LGBT rights, climate change, and more. | ||
| 650 | 7 |
_aInternational agencies. _2BUEsh |
|
| 650 | 7 |
_aInternational organization. _2BUEsh |
|
| 653 |
_bMASPPSS _cNovember2019 |
||
| 655 | _vReading book | ||
| 700 | 1 |
_aMingst, Karen A., _d1947- _eauthor. _98035 |
|
| 700 | 1 |
_aStiles, Kendall W., _eauthor. |
|
| 942 |
_2ddc _cBB |
||